<?xml version="1.0" encoding="UTF-8"?>
<collection xmlns="http://www.loc.gov/MARC21/slim">
    <record>
        <controlfield tag="001">32010</controlfield>
        <controlfield tag="005">20160204081706.0</controlfield>
        <datafield tag="037" ind1=" " ind2=" ">
            <subfield code="a">TAZ-TFG-2015-701</subfield>
        </datafield>
        <datafield tag="041" ind1=" " ind2=" ">
            <subfield code="a">spa</subfield>
        </datafield>
        <datafield tag="100" ind1="1" ind2=" ">
            <subfield code="a">Atienza Cristóbal, Ana</subfield>
        </datafield>
        <datafield tag="245" ind1="0" ind2="0">
            <subfield code="a">Programa de formación para enfermería sobre los cuidados paliativos y el acompañamiento al final de la vida</subfield>
        </datafield>
        <datafield tag="260" ind1=" " ind2=" ">
            <subfield code="a">Zaragoza</subfield>
            <subfield code="b">Universidad de Zaragoza</subfield>
            <subfield code="c">2015</subfield>
        </datafield>
        <datafield tag="500" ind1=" " ind2=" ">
            <subfield code="a">Resumen disponible también en inglés</subfield>
        </datafield>
        <datafield tag="506" ind1=" " ind2=" ">
            <subfield code="a">by-nc-sa</subfield>
            <subfield code="b">Creative Commons</subfield>
            <subfield code="c">3.0</subfield>
            <subfield code="u">http://creativecommons.org/licenses/by-nc-sa/3.0/</subfield>
        </datafield>
        <datafield tag="520" ind1=" " ind2=" ">
            <subfield code="a">INTRODUCCIÓN La esperanza de vida de los países desarrollados se ha incrementado en los últimos años, debido a una mejora científica y tecnológica, provocando un aumento de la incidencia y prevalencia de las enfermedades crónicas. Como consecuencia, se han tenido que desarrollar nuevos métodos de atención y organización sanitaria. Actualmente los cuidados paliativos (CP) están dirigidos a aquellos pacientes que padecen un “SEAT”, situación de enfermedad avanzada terminal. El profesional de enfermería es el encargado de, no solo realizar las técnicas curativas, sino también de acompañar al paciente y los familiares al final de la vida, para conseguir una muerte humanizada. No hay que pasar por alto el duelo, pues el personal de enfermería tiene que conocer diferentes mecanismos de afrontamiento del duelo, para poder transmitírselos a sus pacientes. OBJETIVOS Mejorar la asistencia que realizan los profesionales de enfermería en la atención a pacientes terminales y sus familiares, elaborando un programa de formación. METODOLOGIA Se realizó una búsqueda bibliográfica en diferentes bases de datos. Los artículos seleccionados están publicados entre 2009-2015. Esta revisión ha sido complementada con libros y diferentes artículos de páginas web relacionados con el tema. CONCLUSIONES Los profesionales de enfermería son imprescindibles para aplicar los cuidados paliativos a los pacientes con un SEAT y calmar el estado de ansiedad que puede aparecer al final de la vida. Hay que formar a estos profesionales para conseguir mejorar y actualizar sus conocimientos en estos aspectos.</subfield>
        </datafield>
        <datafield tag="521" ind1=" " ind2=" ">
            <subfield code="a">Graduado en Enfermería</subfield>
        </datafield>
        <datafield tag="540" ind1=" " ind2=" ">
            <subfield code="a">Derechos regulados por licencia Creative Commons</subfield>
        </datafield>
        <datafield tag="700" ind1=" " ind2=" ">
            <subfield code="a">Sánchez Calavera, María Antonia</subfield>
            <subfield code="e">dir.</subfield>
        </datafield>
        <datafield tag="710" ind1="2" ind2=" ">
            <subfield code="a">Universidad de Zaragoza</subfield>
            <subfield code="b"> </subfield>
            <subfield code="c"></subfield>
        </datafield>
        <datafield tag="856" ind1="0" ind2=" ">
            <subfield code="f">650849@celes.unizar.es</subfield>
        </datafield>
        <datafield tag="856" ind1="4" ind2=" ">
            <subfield code="s">474972</subfield>
            <subfield code="u">http://zaguan.unizar.es/record/32010/files/TAZ-TFG-2015-701.pdf</subfield>
            <subfield code="y">Memoria (spa)</subfield>
        </datafield>
        <datafield tag="909" ind1="C" ind2="O">
            <subfield code="o">oai:zaguan.unizar.es:32010</subfield>
            <subfield code="p">driver</subfield>
            <subfield code="p">trabajos-fin-grado</subfield>
        </datafield>
        <datafield tag="950" ind1=" " ind2=" ">
            <subfield code="a"></subfield>
        </datafield>
        <datafield tag="951" ind1=" " ind2=" ">
            <subfield code="a">deposita:2015-10-08</subfield>
        </datafield>
        <datafield tag="980" ind1=" " ind2=" ">
            <subfield code="a">TAZ</subfield>
            <subfield code="b">TFG</subfield>
            <subfield code="c">EUCS</subfield>
        </datafield>
    </record>

    
</collection>